000 01147cam a22002771a 4500
001 ne 66002037
003 DLC
005 20260227111828.0
008 890117m19649999ua d 000 0 arar
010 _ane 66002037
035 _a(OCoLC)19027537
040 _aDLC
_cPPAnR
_dPPAnR
_dDGU
_dDLC
050 0 0 _aPJ6620
_b.A9
100 1 _aAzharī, Muḥammad ibn Aḥmad,
_d895 or 896-980 or 981.
245 1 0 _aṬahdhīb al-lughah /
_cli-Abī Manṣūr Muḥammad ibn Aḥmad al-Azharī ; ḥaqqaqahu wa-qaddama la-hu ʻAbd al-Sālām Muḥammad Hārūn ; rājaʻahu Muḥammad ʻAlī al-Najjār.
260 _aal-Qāhirah :
_bal-Dār al-Miṣrīyah lil-Taʼlīf wa-al-Tarjamah,
_c1966.
300 _av. ;
_c28 cm.
440 0 _aTurāthunā (Cairo, Egypt)
500 _aTitle on added t.p.: Tahzīb el-loghah.
500 _aEditors vary.
500 _aVol. 15 has imprint: al-Qāhirah : Dār al-Kātib al-ʻArabī li-l-Ṭibāʻah wa-al-Nashr, 1967.
650 0 _aArabic language
_vDictionaries
_vEarly works to 1700.
700 1 _aHārūn, ʻAbd al-Salām Muḥammad.
700 1 _aNajjar, Muḥammad ʻAlī.
740 0 _aTahzīb el-loghah.
999 _c49263
_d49263